000 00796nam a2200229Ii 4500
003 JO-AjNU
008 230605s9999||||xx |||||||||||||| ||und||
017 _a2003/5/903
020 _a978-9957-07-374-5
040 _aJO-AjNU
_bara
_erda
_cJO-AjNU
041 _aara
050 1 4 _aHV1568 .Z2722 2011
100 3 _aالزارع، نايف بن عابد ,
_eauthor
_942839
245 0 0 _aتأهيل ذوي الاحتياجات الخاصة
250 _aط4
264 3 1 _aعمان: دار الفكر ناشرون وموزعون، 2011
300 _a287ص
_bيحتوي على ببلوغرافية من 281-287ص
336 _atext
_btxt
_2rdacontent
337 _aunmediated
_bn
_2rdamedia
338 _avolume
_bnc
_2rdacarrier
650 4 _a المعوقون - إعادة تأهيل 
_942840
999 _aA18373
_c21941
_d21941